| 000 | 00802pab a2200169 454500 | ||
|---|---|---|---|
| 008 | 180718b2015 xxu||||| |||| 00| 0 eng d | ||
| 100 | _aThakur, R.N. | ||
| 245 | _aCivil service training: The changing ahead ( note) | ||
| 260 | _c2015 | ||
| 300 | _ap.730-735 | ||
| 362 | _aOct-Dec | ||
| 520 | _aTraining is a process of socialisation and professionalisation of the Civil Service. While referring to the British and French civil service training, this article emphasises the civil service training in India, its changing need with reference to the emerging problems and challenges faced by the Indian society in which administrators act as change agents. - Reproduced. | ||
| 650 | _aTraining | ||
| 650 | _aCivil service | ||
| 773 | _aIndian Journal of Public Administration | ||
| 909 | _a109781 | ||
| 999 |
_c109776 _d109776 |
||